Zhi fei zhai yi zhu /

Saved in:
Bibliographic Details
Corporate Author: Puban Collection.
Other Authors: Chen, Maohou.
Format: Book
Language:Chinese
Published: [China : s.n.], Guangxu wu zi [1888]
Subjects:
Tags: Add Tag
No Tags, Be the first to tag this record!
LEADER 01062cam a2200301ua 4500
001 007736236-5
005 20024617110921.0
008 960314s1888 cc 000 0 chi d
035 0 |a ocm34831150 
040 |a CaBVaU  |c CaBVaU  |d OCoLC  |d MH-HY  |d CStRLIN 
245 0 0 |6 880-01  |a Zhi fei zhai yi zhu /  |c Chen Maohou ji. Zhi fei zhai yi shi / Chen Maohou zhuan. 
260 |6 880-02  |a [China :  |b s.n.],  |c Guangxu wu zi [1888] 
300 |a 4 v. ;  |c 28 cm. 
500 |a 3 juan. 
500 |a On double leaves, oriental style, in case. 
630 0 0 |6 880-03  |a Yi jing. 
700 1 |6 880-04  |a Chen, Maohou. 
700 1 2 |6 880-05  |a Chen, Maohou.  |t Zhi fei zhai yi shi. 
710 2 |a Puban Collection. 
740 0 2 |6 880-06  |a Zhi fei zhai yi shi. 
880 0 0 |6 245-01  |a 知非齋易注 /  |c 陳懋侯輯. 知非齋易釋 / 陳懋侯撰. 
880 |6 260-02  |a [China :  |b s.n.],  |c 光緖戊子[1888] 
880 0 0 |6 630-03  |a 易經. 
880 1 |6 700-04  |a 陳懋侯. 
880 1 2 |6 700-05  |a 陳懋侯.  |t 知非齋易釋. 
880 0 2 |6 740-06  |a 知非齋易釋. 
988 |a 20021108 
906 |0 OCLC